Catálogo
 En Linea

Libro de itemes 2do. curso / 2do. ciclo: (Registro nro. 54419)

Detalles MARC
000 -CABECERA
campo de control de longitud fija 01290nam a2200313 i 4500
003 - IDENTIFICADOR DEL NÚMERO DE CONTROL
campo de control DO-SdBNP
005 - FECHA Y HORA DE LA ÚLTIMA TRANSACCIÓN
campo de control 20230817104333.0
006 - CÓDIGOS DE INFORMACIÓN DE LONGITUD FIJA--CARACTERÍSTICAS DEL MATERIAL ADICIONAL
campo de control de longitud fija a||||fr|||| 00| 0
007 - CAMPO FIJO DE DESCRIPCIÓN FÍSICA--INFORMACIÓN GENERAL
campo de control de longitud fija ta
008 - DATOS DE LONGITUD FIJA--INFORMACIÓN GENERAL
campo de control de longitud fija 230815e2002 dr adb|| |||| 00| 0 spa d
040 ## - FUENTE DE LA CATALOGACIÓN
Centro catalogador/agencia de origen DO-SdBNP
Lengua de catalogación spa
Centro/agencia transcriptor BNPHU
Normas de descripción rda
082 #4 - NÚMERO DE LA CLASIFICACIÓN DECIMAL DEWEY
Número de edición 22
Número de clasificación 371.26
Número de documento/Ítem S161L
100 1# - ENTRADA PRINCIPAL--NOMBRE DE PERSONA
Nombre de persona Salazar, Ada,
9 (RLIN) 75029
Término indicativo de función/relación autora
245 ## - MENCIÓN DE TÍTULO
Título Libro de itemes 2do. curso / 2do. ciclo:
Resto del título 4to. bachiller. /
Mención de responsabilidad, etc. Ada Salazar, José Lara y René Tavárez, Juan Colón Castillo, Ramón Rosario.
246 11 - FORMA VARIANTE DE TÍTULO
Título propio/Titulo breve Libro de itemes segundo curso / segundo ciclo:
Resto del título cuarto de bachiller.
264 #1 - PRODUCCIÓN, PUBLICACIÓN, DISTRIBUCIÓN, FABRICACIÓN Y COPYRIGHT
Producción, publicación, distribución, fabricación y copyright Santo Domingo :
Nombre del de productor, editor, distribuidor, fabricante Educando,
Fecha de producción, publicación, distribución, fabricación o copyright 2002
300 ## - DESCRIPCIÓN FÍSICA
Extensión 292 páginas :
Otras características físicas Ilustraciones; gráficas, mapas ;
Dimensiones 20 cm.
336 ## - TIPO DE CONTENIDO
Fuente rdacontent
Término de tipo de contenido texto
Código de tipo de contenido txt
337 ## - TIPO DE MEDIO
Fuente rdamedia
Nombre/término del tipo de medio sin mediación
Código del tipo de medio n
338 ## - TIPO DE SOPORTE
Fuente rdacarrier
Nombre/término del tipo de soporte volumen
Código del tipo de soporte nc
500 ## - NOTA GENERAL
Nota general De interés para las Pruebas Nacionales (de acuerdo al curriculum vigente).
505 ## - NOTA DE CONTENIDO CON FORMATO
Nota de contenido con formato Índice.
Información miscelánea Introducción.
Título Continuación Introducción.--
-- Lengua Española.--
-- Ciencias Sociales.--
-- Matemáticas.
590 ## - NOTA LOCAL (RLIN)
Nota local Inventariado 2023 / MF
700 1# - PUNTO DE ACCESO ADICIONAL--NOMBRE DE PERSONA
Nombre de persona Lara, José,
9 (RLIN) 31199
Término indicativo de función/relación autor
710 1# - PUNTO DE ACCESO ADICIONAL--NOMBRE DE ENTIDAD CORPORATIVA
Nombre de entidad corporativa o nombre de jurisdicción como elemento de entrada Tavárez, René,
Término indicativo de función/relación autor
9 (RLIN) 83977
711 1# - PUNTO DE ACCESO ADICIONAL--NOMBRE DE REUNIÓN/CONGRESO
Nombre de congreso/reunión o jurisdicción como elemento de entrada Colón Castillo, Juan,
Término indicativo de función/relación autor
9 (RLIN) 83978
711 1# - PUNTO DE ACCESO ADICIONAL--NOMBRE DE REUNIÓN/CONGRESO
Nombre de congreso/reunión o jurisdicción como elemento de entrada Rosrio, Ramón,
Término indicativo de función/relación autor
9 (RLIN) 83979
942 ## - ELEMENTOS DE PUNTO DE ACCESO ADICIONAL (KOHA)
Fuente del sistema de clasificación o colocación Dewey Decimal Classification
Tipo de ítem Koha Libro
Existencias
Estado de retiro Estado de pérdida Fuente del sistema de clasificación o colocación Restricciones de uso No para préstamo Código de colección Localización permanente Ubicación/localización actual Ubicación en estantería Fecha de adquisición Fuente de adquisición Total de préstamos Signatura topográfica completa Código de barras Fecha visto por última vez Precio válido a partir de Tipo de ítem Koha
    Dewey Decimal Classification Excluido de préstamo   Patrimonio Dominicano Biblioteca Nacional Pedro Henríquez Ureña Biblioteca Nacional Pedro Henríquez Ureña En catalogación 25.08.2021 Donado por Carmen Tejeda   371.26 S161L 2023-5359 15.08.2023 15.08.2023 Libro

Con tecnología Koha